Röntgendiagnóstico / (Record no. 139799)

MARC details
000 -LEADER
campo de control de longitud fija 00779nam a2200229 4500
001 - NÚMERO DE CONTROL
campo de control 139799
003 - IDENTIFICADOR DE NÚMERO DE CONTROL
campo de control ES-MaACL
007 - CAMPO FIJO DE DESCRIPCIÓN FÍSICA--INFORMACIÓN GENERAL
campo de control de longitud fija t|
008 - DATOS DE LONGITUD FIJA--INFORMACIÓN GENERAL
campo de control de longitud fija 070214s1947 sp r ||||1| spa d
100 1# - ENTRADA PRINCIPAL--NOMBRE DE PERSONA
Nombre de persona Schinz, Hans Rudolf.
9 (RLIN) 104379
245 10 - MENCIÓN DEL TÍTULO
Título Röntgendiagnóstico /
Mención de responsabilidad, etc. por H. R. Schinz, W. Baensch y E. Frield ; con la colaboración de H. Franke... [et al.].
250 ## - MENCION DE EDICION
Mención de edición 4ª ed., completamente reformada y aum.
260 ## - PUBLICACIÓN, DISTRIBUCIÓN, ETC.
Lugar de publicación, distribución, etc. Barcelona :
Nombre del editor, distribuidor, etc. Salvat,
Fecha de publicación, distribución, etc. 1947.
300 ## - DESCRIPCIÓN FÍSICA
Extensión 2 v., 10, X, III lám. :
Otras características físicas il. ;
Dimensiones 26 cm.
500 ## - NOTA GENERAL
Nota general Contiene: I . Esqueleto ------ II . Organos internos.
700 1# - ENTRADA AGREGADA--NOMBRE PERSONAL
Nombre de persona Baensch, W.
9 (RLIN) 24591
700 1# - ENTRADA AGREGADA--NOMBRE PERSONAL
Nombre de persona Friedl, E.
9 (RLIN) 52623
700 1# - ENTRADA AGREGADA--NOMBRE PERSONAL
Nombre de persona Franke, H.
9 (RLIN) 52318
740 0# - ENTRADA AGREGADA--TÍTULO RELACIONADO/ANALÍTICO NO CONTROLADO
Título relacionado o analítico no controlado Esqueleto.
740 0# - ENTRADA AGREGADA--TÍTULO RELACIONADO/ANALÍTICO NO CONTROLADO
Título relacionado o analítico no controlado Organos internos.
852 ## - LOCALIZACIÓN
Ubicación ES-MaACL
Número de control de estantería E-57-58
Sublocalización o colección R.25932
Holdings
Estatus retirado Estado de pérdida Estado de daño No para préstamo Biblioteca de origen Biblioteca actual Ubicación en estantería Fecha de adquisición Fuente de adquisición Total de préstamos Signatura topográfica completa Código de barras Visto por última vez Precio de reemplazo Tipo de ítem Koha
        Biblioteca del Ateneo de Madrid Biblioteca del Ateneo de Madrid Depósito 2 17/01/2008     E-57-58 1145480 23/02/2023 23/02/2023 Libro impreso